[Event "6th Prospero A Pichay Cup"]
[Site "Manila PHI"]
[Date "2010.08.22"]
[Round "3"]
[White "Gonzales,Jay"]
[Black "Filippov,An UZB"]
[Result "0-1"]
[WhiteElo "2435"]
[BlackElo "2583"]

1.c4 e5 2.g3 Nf6 3.Bg2 d5 4.cxd5 Nxd5 5.Nf3 Nc6 6.O-O Be7 7.d4 e4 8.Ne5 f5
9.Nxc6 bxc6 10.Nd2 O-O 11.a3 Bd6 12.Qc2 Bd7 13.Nb3 Qf6 14.Bd2 Rae8 15.e3 h5
16.Na5 h4 17.Nxc6 hxg3 18.fxg3 Bxg3 19.Nb4 Nxb4 20.Bxb4 Bd6 21.Bxd6 cxd6
22.Rac1 Qh6 23.Rfe1 Re6 24.Qb3 Kh7 25.Rc7 Be8 26.Rf1 Bh5 27.Rc2 Rg6 28.Kh1 Qg5
29.Rcf2 Bg4 30.Qc2 Rff6 31.Rf4 Rh6 32.Qf2 Qh5 33.Qg3 Rfg6 34.R1f2 d5 35.b4 Bd1  0-1

[Event "25th Open"]
[Site "Schwarzach AUT"]
[Date "2010.08.28"]
[Round "8"]
[White "Vatter,H"]
[Black "Fuchs,G"]
[Result "1/2-1/2"]
[WhiteElo "2349"]
[BlackElo "2292"]

1.c4 e5 2.g3 Nf6 3.Bg2 d5 4.cxd5 Nxd5 5.Nc3 Be6 6.Nf3 Nc6 7.O-O Nb6 8.a3 Be7
9.b4 O-O 10.Rb1 f6 11.d3 Nd4 12.Be3 c5 13.bxc5 Bxc5 14.a4 Nxf3+ 15.Bxf3 Bxe3
16.fxe3 Rc8 17.Qd2 Qd7 18.Qb2 Rf7 19.Qa3 Nd5 20.Nxd5  1/2-1/2

[Event "ch-RUS Higher League"]
[Site "Irkutsk RUS"]
[Date "2010.08.29"]
[Round "4"]
[White "Kokarev,Dm"]
[Black "Maslak,K"]
[Result "1/2-1/2"]
[WhiteElo "2629"]
[BlackElo "2560"]

1.g3 e5 2.c4 Nf6 3.Bg2 Nc6 4.Nc3 Bc5 5.Na4 Be7 6.d3 O-O 7.Nf3 d5 8.cxd5 Nxd5
9.O-O Bf6 10.a3 Nd4 11.Nc3 Nxf3+ 12.Bxf3 Nxc3 13.bxc3 c6 14.Rb1 Qc7 15.Qa4 Bd7
16.Be3 b6 17.Rfc1 Rab8 18.Qc4 Be7 19.a4 Bd6 20.d4 Rfe8 21.dxe5 Bxe5 22.Rd1 Rbc8
23.a5 Be6 24.Qa6 Bxc3 25.axb6 axb6 26.Rxb6 c5 27.Rc6 Qa5 28.Qxa5 Bxa5 29.Rxc5 Rxc5
30.Bxc5 Rc8 31.Be3 g6 32.g4 Rd8 33.Rb1 Bd2 34.Bc5 Rc8 35.Ba3 Bg5 36.Kg2 Bf6
37.h3 Kg7 38.Rb5 h6 39.Bd6 Rd8 40.Bc7 Rc8 41.Bf4 Rc4 42.Bg3 Rd4 43.e3 Rd7
44.Be4 Rd2 45.Bc6 Kh7 46.e4 g5 47.Bd5 Rb2 48.Ra5 Bd4 49.Ra4 Rd2 50.Ra6 Bxd5
51.exd5 f6 52.Kf3 Kg6 53.d6 Be5 54.Ke3 Rd1 55.Bxe5 fxe5 56.Ke4 Kf6 57.d7+ Kg7
58.Ra7 Kf6 59.Ke3 Rd5 60.Kf3 Rd3+ 61.Kg2 Kg6 62.f3 Kf6 63.Kf2 Rd2+ 64.Kg3 Kg6
65.h4 gxh4+ 66.Kxh4 Rh2+ 67.Kg3 Rd2 68.Ra6+ Kg7 69.Re6 Rxd7 70.Rxe5 Rd3 71.Kf4 Ra3
72.Rd5 Kf6 73.Rd6+ Kg7 74.Ke4 Ra4+ 75.Ke5 Ra5+ 76.Rd5 Ra8 77.Rd7+ Kg6 78.f4 Re8+
79.Kd5 Re1 80.Rd6+ Kg7 81.Rd7+ Kf6 82.Rd6+ Kg7 83.f5 Rd1+ 84.Ke6 Rxd6+ 85.Kxd6 Kf6
86.Kd5 h5 87.gxh5 Kxf5 88.Kc5 Kg5 89.Kb5 Kxh5  1/2-1/2

[Event "9th Georgiev-Kesarovski Mem"]
[Site "Sunny Beach BUL"]
[Date "2010.08.30"]
[Round "3"]
[White "Golcman,E"]
[Black "Ninov,D"]
[Result "1-0"]
[WhiteElo "2270"]
[BlackElo "2020"]

1.c4 e5 2.g3 Nc6 3.Bg2 g6 4.Nc3 Bg7 5.Nf3 d6 6.d3 f5 7.O-O Nf6 8.Bd2 O-O
9.Qc1 Rb8 10.Rb1 Nh5 11.Nd5 Be6 12.b4 Ne7 13.Bg5 Bxd5 14.cxd5 f4 15.Qc4 h6
16.Bxe7 Qxe7 17.Bh3 Nf6 18.Rbc1 Ne8 19.Nh4 Kh7 20.Be6 Bf6 21.Nf3 c6 22.Bh3 cxd5
23.Qxd5 Nc7 24.Qa5 Na6 25.Rc4 d5 26.Qxd5 fxg3 27.b5 gxh2+ 28.Kxh2 Rbd8 29.Qe6 Nc5
30.Qxe7+ Bxe7 31.Nxe5 Bd6 32.Kg1 Bxe5 33.Rxc5 Bd6 34.Rc4 Rf7 35.e3 Rdf8 36.Bg4 h5
37.Be6 Rc7 38.Rxc7+ Bxc7 39.Bd5 Rd8 40.Rc1 Bb6 41.Be4 Rd7 42.Rc8 Ba5 43.Rb8 b6
44.Rc8 Rd6 45.Rc7+ Kh6 46.Rxa7 g5 47.Rh7+  1-0

[Event "TCh-SRB 1st League"]
[Site "Vrnjacka Banja SRB"]
[Date "2010.08.31"]
[Round "11"]
[White "Damljanovic,B"]
[Black "Miladinovic,I"]
[Result "1/2-1/2"]
[WhiteElo "2541"]
[BlackElo "2552"]

1.c4 e5 2.g3 Nc6 3.Nc3 g6 4.Bg2 Bg7 5.e3 Nf6 6.Nge2 O-O 7.d4 exd4 8.Nxd4 Nxd4
9.Qxd4 d6 10.O-O c6 11.Qd3 Be6 12.Bd2 d5 13.cxd5 Nxd5 14.Nxd5 Bxd5 15.Bxd5 Qxd5
16.Qxd5 cxd5 17.Rad1 Rfc8 18.Bb4 a5 19.Bc3 Bxc3 20.bxc3 Rc5 21.Rd2 b5 22.Rb1 Rac8
23.Kg2 Kg7 24.Rdb2 a4 25.Rxb5 Rxb5 26.Rxb5 Rxc3 27.Rxd5 Rc2 28.a3 Rc3 29.Ra5 Rxa3
30.g4 h6 31.h4 Ra1 32.g5 hxg5 33.hxg5 a3 34.Kg3 a2 35.Kf4 Kg8 36.e4 Kg7 37.Ra8 Kh7
38.Ke5 Rg1 39.Rxa2 Rxg5+ 40.Kf6 Rg4 41.Kxf7  1/2-1/2

[Event "9th Georgiev-Kesarovski Mem"]
[Site "Sunny Beach BUL"]
[Date "2010.09.01"]
[Round "5"]
[White "Golcman,E"]
[Black "Nanu,C"]
[Result "0-1"]
[WhiteElo "2270"]
[BlackElo "2515"]

1.c4 e5 2.g3 Nf6 3.Bg2 c6 4.d4 exd4 5.Qxd4 d5 6.Nf3 Be6 7.cxd5 cxd5 8.O-O Nc6
9.Qa4 Bc5 10.Ne5 Rc8 11.Nd3 Bb6 12.Bg5 d4 13.Nd2 h6 14.Bxf6 Qxf6 15.Rac1 O-O
16.Ne4 Qe7 17.Nec5 Bg4 18.Nxb7 Ne5 19.Nf4 d3 20.Nd5 Qe6 21.Rxc8 Rxc8 22.exd3 Bf3
23.Nf4 Qe7 24.Na5 g5 25.Nd5 Bxd5 26.Bxd5 Nxd3 27.Nc6 Qf6 28.Qe4 Nxf2 29.Qf3 Qxf3
30.Bxf3 Nd3+ 31.Kg2 Kg7 32.Rd1 Nxb2 33.Rd7 Nc4 34.g4 a5 35.Rb7 Bc5 36.h4 h5
37.gxh5 g4 38.Be4 Nd6 39.Ne7 Rh8 40.Nf5+ Nxf5 41.Bxf5 Rxh5 42.Be6 Kf6 43.Bxf7 Rxh4
44.Kg3 Kg5 45.Rb5 Rh3+ 46.Kg2 Rc3 47.Rxa5 Kh4 48.Be6 Rc2+ 49.Kf1 g3 50.Ra4+ Kh5
51.Bd5 Kg5 52.Ra5 Kf4 53.Rb5 Bd4 54.Rb3 Rf2+ 55.Ke1 g2 56.Bxg2 Rxg2 57.a3 Be3
58.a4 Ra2 59.Kd1 Ke4 60.Ke1 Rd2 61.Ra3 Kf3 62.a5 Rc2 63.Ra1 Rh2  0-1

[Event "FSGM September"]
[Site "Budapest HUN"]
[Date "2010.09.06"]
[Round "3"]
[White "Mulyar,M"]
[Black "Bui Vinh"]
[Result "0-1"]
[WhiteElo "2396"]
[BlackElo "2449"]

1.c4 e5 2.g3 f5 3.Bg2 Nf6 4.Nf3 Nc6 5.O-O e4 6.Nh4 d5 7.cxd5 Qxd5 8.d3 Qf7
9.Nc3 Bb4 10.dxe4 Bxc3 11.bxc3 Nxe4 12.Ba3 Be6 13.Qd3 g6 14.Qb5 Rb8 15.Rab1 Qf6
16.Bxe4 fxe4 17.c4 Rg8 18.Bb2 Qe7 19.Ng2 a6 20.Qa4 Bh3 21.Ba3 Qf6 22.c5 Kf7
23.Qxe4 Rge8 24.Qc4+ Be6 25.Qf4 Qxf4 26.Nxf4 Bxa2 27.Rb2 Bc4 28.Rd1 Re7 29.h4 Bb5
30.Rbd2 Rbe8 31.Nd5 Rxe2 32.Nxc7 Rxd2 33.Rxd2 Re1+ 34.Kg2 Bf1+ 35.Kf3 Ne5+
36.Kf4 Nd3+ 37.Kg5 Re7 38.Na8 Re5+ 39.Kg4 Rf5  0-1

[Event "FSIMB September"]
[Site "Budapest HUN"]
[Date "2010.09.06"]
[Round "3"]
[White "Titz,Hei"]
[Black "Petran,Pa"]
[Result "0-1"]
[WhiteElo "2225"]
[BlackElo "2348"]

1.c4 e5 2.g3 Nf6 3.Bg2 Nc6 4.Nc3 Bb4 5.Nf3 O-O 6.O-O Re8 7.d3 h6 8.Bd2 d6
9.a3 Bc5 10.b4 Bb6 11.b5 Nb8 12.Ne1 Nbd7 13.Nc2 Nc5 14.Nb4 Be6 15.a4 Ba5
16.Rb1 Qd7 17.Ncd5 Nh7 18.e4 f5 19.Be3 Rf8 20.Qc2 f4 21.gxf4 Bxb4 22.Rxb4 Bxd5
23.fxe5 Be6 24.d4 Bh3 25.f4 dxe5 26.dxc5 exf4 27.Bc1 Ng5 28.Bxh3 Nxh3+ 29.Kh1 f3
30.Rb1 Rae8 31.Be3 Qe6 32.c6 b6 33.c5 Qxe4 34.Qxe4 Rxe4 35.cxb6 axb6 36.a5 Rxe3
37.axb6 cxb6 38.Rbc1 Ng5 39.c7 Rc8 40.Rfd1 Ne6  0-1

[Event "132nd ch-New York State"]
[Site "Colonie USA"]
[Date "2010.09.06"]
[Round "5"]
[White "Ellenbogen,M"]
[Black "Sheppard,D"]
[Result "1-0"]
[WhiteElo "2119"]
[BlackElo "2094"]

1.c4 e5 2.g3 Nc6 3.Bg2 g6 4.Nc3 Bg7 5.e4 Nge7 6.Nge2 d6 7.O-O O-O 8.h3 a6
9.d3 Rb8 10.Be3 Nd4 11.f4 b5 12.fxe5 dxe5 13.Nd5 Nec6 14.c5 Be6 15.Kh2 Nxe2
16.Qxe2 Bxd5 17.exd5 Nb4 18.d6 cxd6 19.a3 Nxd3 20.Qxd3 dxc5 21.Qxd8 Rfxd8
22.Bxc5 Rd2 23.Rf2 Rbd8 24.Raf1 f5 25.Bb7 e4 26.Bxa6 Bxb2 27.Bxb5 Kg7 28.a4 Be5
29.Rxd2 Rxd2+ 30.Rf2 Rd5 31.Be3 Bc3 32.Rc2 Ba5 33.Kg2 Kf6 34.h4 Kg7 35.Rc5 Rd8
36.Bg5 Rd6 37.Bf4 Rd8 38.Bc4 Bd2 39.Rc7+ Kf8 40.Rxh7 Rd4 41.Bxd2 Rxd2+ 42.Kf1 Rd4
43.Bb5 Rb4 44.Ra7 e3 45.Ke2 Rg4 46.Kf3 g5 47.h5  1-0

[Event "TCh-ROU Superliga w"]
[Site "Baile Herculane ROU"]
[Date "2010.09.09"]
[Round "6"]
[White "Ursente,M"]
[Black "Berintan,T2"]
[Result "1-0"]
[WhiteElo "1966"]
[BlackElo "1842"]

1.c4 e5 2.g3 Nc6 3.Bg2 g6 4.Nc3 Bg7 5.e3 f5 6.Nge2 Nf6 7.d3 O-O 8.O-O d6
9.Rb1 a5 10.Nd5 Ne7 11.b3 Nfxd5 12.cxd5 c6 13.dxc6 bxc6 14.Ba3 d5 15.d4 e4
16.Rc1 Rf6 17.Rc3 Ba6 18.Re1 g5 19.f4 g4 20.Kf2 Nc8 21.Bc5 Nb6 22.Qd2 Nd7
23.Ba3 Bb5 24.Rec1 a4 25.Bb4 Nb8 26.R3c2 Rh6 27.Rh1 Re6 28.h4 Na6 29.Ba5 Qd7
30.Nc3 Bd3 31.Nxa4 Bxc2 32.Nb6 Qb7 33.Nxa8 Bxb3 34.Nb6 Bc4 35.Nxc4 dxc4 36.Rc1 Qd7
37.Bf1 c3 38.Qxc3 c5 39.Bxa6 Rxa6 40.Qc4+ Kh8 41.Qxa6  1-0

[Event "TCh-ROU Superliga"]
[Site "Baile Herculane ROU"]
[Date "2010.09.10"]
[Round "7"]
[White "Marin,Mi"]
[Black "Danilov,V"]
[Result "1-0"]
[WhiteElo "2575"]
[BlackElo "2449"]

1.c4 e5 2.g3 Nf6 3.Bg2 d5 4.cxd5 Nxd5 5.Nc3 Nb6 6.Nf3 Nc6 7.O-O Be7 8.a3 O-O
9.b4 Be6 10.d3 f6 11.Bb2 Nd4 12.Nxd4 exd4 13.Nb5 c5 14.bxc5 Bxc5 15.Rc1 a6
16.Rxc5 axb5 17.Rxb5 Na4 18.Qd2 Rf7 19.Rc1 Ra7 20.Qb4 Nxb2 21.Qxb2 Rc7 22.Rxc7 Qxc7
23.Bd5 Bxd5 24.Rxd5 Qc3 25.Qa2 Kf8 26.Rd8+ Ke7 27.Qg8 Qc1+ 28.Kg2 Qc6+ 29.f3 Ra5
30.Rc8 Qd7 31.Qxg7+ Ke6 32.Qg8+ Ke7 33.Qf8+ Ke6 34.Re8+ Kf5 35.g4+ Kg6 36.Re7  1-0

[Event "TCh-ROU Superliga"]
[Site "Baile Herculane ROU"]
[Date "2010.09.11"]
[Round "8"]
[White "Chirita Mihaila,M"]
[Black "Ardelean,Ge"]
[Result "0-1"]
[WhiteElo "2088"]
[BlackElo "2502"]

1.c4 e5 2.g3 Nf6 3.Bg2 c6 4.Nc3 d5 5.cxd5 cxd5 6.d4 exd4 7.Qxd4 Nc6 8.Qd1 d4
9.Ne4 Bf5 10.Nxf6+ Qxf6 11.Nf3 Bb4+ 12.Bd2 O-O 13.O-O d3 14.Bxb4 Nxb4 15.exd3 Bxd3
16.Re1 Rad8 17.Re5 Be4 18.Qe2 Bxf3 19.Bxf3 Nc2 20.Qxc2 Qxe5 21.Bxb7 Rb8 22.Be4 f5
23.Qc4+ Kh8 24.Bf3 Rxb2 25.Rd1 h6 26.Kg2  0-1

[Event "TCh-FIN 2010-11"]
[Site "Tampere FIN"]
[Date "2010.09.17"]
[Round "2.7"]
[White "Lindqvist,TE"]
[Black "Kytoniemi,J"]
[Result "1/2-1/2"]
[WhiteElo "2187"]
[BlackElo "2259"]

1.c4 e5 2.g3 g6 3.Bg2 Bg7 4.Nc3 Ne7 5.d3 c5 6.e4 Nbc6 7.Nge2 d6 8.Bg5 f6
9.Be3 Nd4 10.f3 a6 11.O-O h5 12.h4 Rb8 13.a4 O-O 14.Nd5 Nxd5 15.cxd5 b5 16.axb5 Rxb5
17.Nxd4 cxd4 18.Bc1 Qb6 19.Rf2 Rf7 20.f4 Bg4 21.Qa4 Rc7 22.Bd2 Rcc5 23.b4 Rc3
24.Bxc3 dxc3 25.Qxa6 exf4 26.Qxb6 Rxb6 27.gxf4 f5 28.Ra8+ Kh7 29.Ra7 Bd1
30.Rc7 Kh6 31.e5 c2 32.Rfxc2 Bxc2 33.Rxc2 dxe5 34.fxe5 Bxe5 35.Rc4 Bd6 36.Rc6 Bxb4
37.Rxb6 Bc5+ 38.Kh2 Bxb6 39.d6 Kg7 40.Bc6 Kf7 41.Kh3 Bd4 42.Bd5+ Kf8 43.Bc6 Be5
44.d7 Ke7 45.Bb5 Bc7 46.Bc6 Ke6 47.Bb5 Ke5 48.Bc4 Bd8 49.Bf7 Kf6 50.Be8 Kg7
51.Kg3 Kh6 52.Bf7 f4+ 53.Kxf4 Bxh4 54.Bxg6  1/2-1/2

[Event "TCh-FIN 2010-11"]
[Site "Porvoo FIN"]
[Date "2010.09.18"]
[Round "1.8"]
[White "Tusa,T"]
[Black "Prieur,Ee"]
[Result "0-1"]
[WhiteElo "2195"]
[BlackElo "2152"]

1.c4 e5 2.g3 Nc6 3.Bg2 f5 4.Nc3 Nf6 5.d3 Bc5 6.e3 O-O 7.Nge2 d6 8.O-O Bb6
9.Nd5 Nxd5 10.Bxd5+ Kh8 11.Bg2 Qf6 12.Bd2 Qg6 13.f4 Be6 14.Kh1 e4 15.dxe4 Bxc4
16.exf5 Qxf5 17.Re1 Bd5 18.Nc3 Bxg2+ 19.Kxg2 d5 20.a3 Rad8 21.Qb1 Qh5 22.Na4 Rfe8
23.Nxb6 axb6 24.Qd3 Re4 25.Rad1 Rde8 26.h3 d4 27.g4 Qd5 28.Kh2 Rd8 29.Bc3 h6
30.b4 b5 31.exd4 Rxf4 32.Qc2 Rdf8 33.Re2 Rf3 34.Rdd2 Qd6+ 35.Re5 Nxe5 36.dxe5 Qc6
37.Bd4 Qc4 38.Qg6 Qf1 39.Rg2 Qd3 40.Qxd3 Rxd3 41.Bb2 Rff3 42.Kg1 Rd1+ 43.Kh2 Rfd3
44.e6 R1d2 45.Bc1 Rxg2+ 46.Kxg2 Rd6 47.Bf4 Rxe6 48.Bxc7 Re3 49.h4 Rxa3 50.Be5 Rb3
51.Bd6 g6 52.Kf2 h5 53.gxh5 gxh5  0-1

[Event "EYCC Girls U14"]
[Site "Batumi GEO"]
[Date "2010.09.23"]
[Round "4"]
[White "Soyunlu,N"]
[Black "Khomeriki,K"]
[Result "1-0"]
[WhiteElo "1811"]
[BlackElo "1520"]

1.c4 e5 2.g3 Nf6 3.Bg2 Nc6 4.Nc3 g6 5.Rb1 Bg7 6.d3 h6 7.e4 b6 8.Nge2 Bb7
9.O-O O-O 10.f4 d6 11.h3 Kh7 12.Be3 Qd7 13.Qd2 Ng8 14.f5 Nce7 15.g4 g5 16.Ng3 f6
17.Kf2 Bh8 18.Rh1 Kg7 19.h4 Rf7 20.hxg5 fxg5 21.Bxg5 hxg5 22.Qxg5+ Kf8 23.Rxh8 Rg7
24.Qf6+ Rf7 25.Qh6+ Ke8 26.Nh5 Kd8 27.Nf6 Qe8 28.Nxe8 Nxh6 29.Nf6+ Nhg8 30.Rxg8+ Nxg8
31.Nxg8 Kd7 32.Nh6 Rh7 33.Rh1 Rg7  1-0

[Event "EYCC Girls U16"]
[Site "Batumi GEO"]
[Date "2010.09.23"]
[Round "5"]
[White "Unapkoshvili,N"]
[Black "Sirkova,D"]
[Result "1-0"]
[WhiteElo "1974"]
[BlackElo "2094"]

1.g3 e5 2.c4 Nc6 3.Bg2 f5 4.Nc3 Nf6 5.d3 Bb4 6.Bd2 a5 7.a3 Bc5 8.e3 d6 9.Nge2 Be6
10.Rb1 Ba7 11.b4 axb4 12.axb4 e4 13.Nf4 Bf7 14.dxe4 Bxc4 15.exf5 d5 16.Nce2 Qd7
17.Qc2 Bb6 18.Nc1 O-O 19.Bf1 Bxf1 20.Kxf1 Ne4 21.g4 Ne5 22.h3 g6 23.Bc3 Nc4
24.Qd3 c6 25.Nce2 Ra3 26.Rc1 gxf5 27.Rg1 Ncd2+ 28.Kg2 fxg4 29.Qc2 Nf3 30.Rgd1 Nh4+
31.Kf1 gxh3 32.Qxe4 Qg4 33.Qe6+ Qxe6 34.Nxe6 h2 35.Ng3 Rf3 36.Ke2 Bxe3 37.fxe3 Rxg3
38.Rf1 Rg2+ 39.Kd3 Ng6 40.Nf4 Nxf4+ 41.Rxf4 d4 42.Kxd4 Rc2 43.Rcf1 Rg2 44.Rh1 Rc2
45.Ba1 Rb3 46.Ke4 Rxb4+ 47.Bd4 Ra2 48.Rhf1 h5 49.Rf8+ Kh7 50.R8f7+ Kh6 51.Kf3 Rc4
52.Kg3 h4+ 53.Kxh4 Rg2 54.Kh3 Rg6 55.Kxh2 c5 56.Rc7 Rc2+ 57.Kh3 b6 58.Be5 Re6
59.Bf4+ Kg6 60.Kg4 Rg2+ 61.Kf3 Ra2 62.Rg1+ Kf6 63.Rcg7 Ra3 64.R1g6+ Kf5 65.Rg5+ Kf6
66.Kg4  1-0

[Event "EYCC Girls U16"]
[Site "Batumi GEO"]
[Date "2010.09.26"]
[Round "7"]
[White "Durmaz,A"]
[Black "Froewis,A"]
[Result "1/2-1/2"]
[WhiteElo "1812"]
[BlackElo "1968"]

1.c4 e5 2.g3 Nc6 3.Bg2 g6 4.Nc3 Bg7 5.Nf3 d6 6.O-O f5 7.d3 Nf6 8.Rb1 h6 9.b4 g5
10.b5 Ne7 11.a4 Be6 12.a5 Rc8 13.Be3 b6 14.axb6 axb6 15.Bd2 O-O 16.Ra1 f4
17.Ra7 Qd7 18.Na4 Rb8 19.Re1 Nc8 20.Ra6 Qf7 21.Rf1 Qh5 22.Nc3 Ne7 23.Ra7 Rbc8
24.Qc2 Bh3 25.c5 Bxg2 26.Kxg2 bxc5 27.b6 Nc6 28.Rxc7 Rxc7 29.bxc7 Qf7 30.Nb5 g4
31.Nh4 f3+ 32.exf3 gxf3+ 33.Kh1 Nd4 34.Nxd4 exd4 35.Ba5 Qd7 36.Rb1 Qh3 37.Qd1 Kh7
38.Rb8 Ng4 39.Qg1 Nxh2 40.Qxh2 Qf1+ 41.Qg1 Qh3+ 42.Qh2 Qf1+  1/2-1/2

[Event "EYCC Boys U10"]
[Site "Batumi GEO"]
[Date "2010.09.27"]
[Round "8"]
[White "Wadsworth,Matthew"]
[Black "Nikitenko,M"]
[Result "0-1"]
[WhiteElo "1868"]
[BlackElo "1843"]

1.c4 e5 2.g3 g6 3.Bg2 Bg7 4.Nc3 Nc6 5.e4 d6 6.Nf3 Nge7 7.d3 O-O 8.O-O Be6
9.Nd5 Bxd5 10.cxd5 Nd4 11.Nxd4 exd4 12.Bf4 c5 13.dxc6 bxc6 14.Re1 Qd7 15.Rc1 Rfb8
16.b3 Rb5 17.a4 Rb6 18.e5 dxe5 19.Bxe5 Nd5 20.Bxg7 Kxg7 21.Re4 Nc3 22.Qc2  0-1

[Event "EYCC Boys U10"]
[Site "Batumi GEO"]
[Date "2010.09.28"]
[Round "9"]
[White "Gazik,Viktor"]
[Black "Koziol,Kamil"]
[Result "1-0"]
[WhiteElo "1825"]
[BlackElo "1714"]

1.g3 e5 2.c4 Nf6 3.Bg2 c6 4.d3 d5 5.Qc2 Bb4+ 6.Bd2 Bxd2+ 7.Nxd2 O-O 8.Ngf3 Re8
9.e4 d4 10.O-O c5 11.Ne1 Nc6 12.h3 Qc7 13.Qd1 Be6 14.f4 Rad8 15.f5 Bc8 16.g4 Nd7
17.h4 Qd6 18.g5 f6 19.Qg4 Qe7 20.Nef3 Nb4 21.Ne1 a6 22.a3 Nc6 23.Nef3 Nf8
24.Kf2 Rd7 25.Rg1 b6 26.Nh2  1-0

[Event "21st Open"]
[Site "Goch GER"]
[Date "2010.10.02"]
[Round "4.46"]
[White "Lenaerts,L"]
[Black "Benning,Tim"]
[Result "1/2-1/2"]
[WhiteElo "1770"]
[BlackElo "2127"]

1.c4 e5 2.g3 Nf6 3.Bg2 d5 4.cxd5 Nxd5 5.Nc3 Nb6 6.Nf3 Nc6 7.O-O Be7 8.d3 O-O
9.Be3 Be6 10.d4 exd4 11.Nxd4 Nxd4 12.Qxd4 Qxd4 13.Bxd4 c5 14.Be3 Nc4 15.Bc1 Rfd8
16.Rb1 Nd2 17.Bxd2 Rxd2 18.Rfd1 Rxd1+ 19.Rxd1 Rb8 20.Nd5 Bf8 21.b3 Bc8 22.Nf4 Be7
23.Nd5 Bf8 24.Nf4  1/2-1/2

[Event "21st Open"]
[Site "Goch GER"]
[Date "2010.10.02"]
[Round "4.5"]
[White "Harff,M"]
[Black "Siebrecht,S"]
[Result "1-0"]
[WhiteElo "2162"]
[BlackElo "2421"]

1.c4 e5 2.g3 Nf6 3.Bg2 c6 4.d4 Bb4+ 5.Bd2 Bxd2+ 6.Qxd2 d6 7.Nc3 O-O 8.Rd1 Qe7
9.e4 Bg4 10.f3 Be6 11.c5 exd4 12.Qxd4 dxc5 13.Qf2 Na6 14.Nge2 Nb4 15.Nc1 Bc4
16.Bf1 Bxf1 17.Kxf1 c4 18.Kg2 c5 19.Qe2 Qe6 20.Nb5 Rad8 21.Na3 Nd3 22.Nxc4 Nxc1
23.Rxc1 b5 24.Ne3 Qxa2 25.Rxc5 a6 26.Rhc1 Rfe8 27.R1c2 h6 28.Rc6 Qa4 29.R6c3 b4
30.b3 Qa1 31.Rc7 a5 32.Ra2 Qd4 33.Qc4 Re6 34.Qxd4 Rxd4 35.Nc4 Rd3 36.Rb2 Ra6
37.Rc8+ Kh7 38.Ne5 Rd1 39.Nxf7 Re6 40.e5 Nd5 41.f4 Re7 42.Rh8+ Kg6 43.Nd6 Ne3+
44.Kf3 Nf5 45.Nxf5 Kxf5 46.g4+ Ke6 47.Ra8 Rf1+ 48.Rf2 Ra1 49.Ra6+ Kf7 50.Ke4 Re1+
51.Kf5 Re3 52.h4 Rxb3 53.g5 Ra3 54.g6+ Kf8 55.Rd2 b3 56.Rd8+ Re8 57.Rd7 Ra4
58.Raa7 Rb4 59.Rxg7 b2 60.Raf7+  1-0

[Event "21st Open"]
[Site "Goch GER"]
[Date "2010.10.02"]
[Round "5.24"]
[White "Koch,Fra"]
[Black "Vasiljevs,J"]
[Result "0-1"]
[WhiteElo "2041"]
[BlackElo "2175"]

1.c4 e5 2.g3 Nf6 3.Bg2 Bc5 4.Nc3 O-O 5.e3 Nc6 6.Nge2 Re8 7.O-O e4 8.d4 exd3
9.Nf4 d6 10.Nxd3 Bb6 11.h3 Bf5 12.Nf4 Qd7 13.g4 Be4 14.Nxe4 Nxe4 15.b3 Ng5
16.Bb2 Ne6 17.Nd5 Rab8 18.Qf3 Ne7 19.Nxb6 axb6 20.Rfd1 Ng6 21.Qg3 Qe7 22.f4 Nc5
23.Bd4 Ne4 24.Bxe4 Qxe4 25.Kf2 c5 26.f5 cxd4 27.fxg6 dxe3+  0-1

[Event "21st Open"]
[Site "Goch GER"]
[Date "2010.10.03"]
[Round "6.40"]
[White "Lenaerts,L"]
[Black "Versteeg,C"]
[Result "1-0"]
[WhiteElo "1770"]
[BlackElo "1986"]

1.c4 e5 2.g3 Nf6 3.Bg2 d5 4.cxd5 Nxd5 5.Nc3 Be6 6.Nf3 Nc6 7.Qa4 Qd7 8.Nxd5 Bxd5
9.Nxe5 Nxe5 10.Qxd7+ Nxd7 11.Bxd5 c6 12.Bg2 O-O-O 13.d4 Bb4+ 14.Bd2 Bxd2+
15.Kxd2 Rhe8 16.e3 f5 17.Rac1 Nf6 18.h3 Ne4+ 19.Bxe4 fxe4 20.Ke2 Rf8 21.Rhd1 Rd5
22.Rc5 Rff5 23.Rdc1 Kd7 24.Rxd5+ cxd5 25.Rf1 Rf6 26.f3 Rb6 27.b3 Ra6 28.a4 Rb6
29.fxe4 Ke7 30.exd5 Rxb3 31.Kf3 Ra3 32.Rb1 b6 33.Rb4 Kd6 34.Ke4 g6 35.h4 Ra1
36.Rc4 Kd7 37.Ke5 Rg1 38.d6 Rxg3 39.Rc7+ Kd8 40.e4 g5 41.h5 Rh3 42.Rxh7 Re3
43.d7 Ra3 44.Ke6 Rxa4 45.Rh8+ Kc7 46.Rc8+  1-0

[Event "21st Open"]
[Site "Goch GER"]
[Date "2010.10.03"]
[Round "6.29"]
[White "Naundorf,M"]
[Black "Czarnik,J"]
[Result "1/2-1/2"]
[WhiteElo "2131"]
[BlackElo "2020"]

1.c4 e5 2.g3 Nc6 3.Nc3 f5 4.Nf3 Nf6 5.d4 e4 6.Nh4 d5 7.cxd5 Nxd5 8.Bh3 g6
9.O-O Bg7 10.Be3 O-O 11.Qd2 Nxe3 12.fxe3 Ne7 13.Ng2 g5 14.Ne1 Be6  1/2-1/2

[Event "21st Open"]
[Site "Goch GER"]
[Date "2010.10.03"]
[Round "7.25"]
[White "Rubel,J"]
[Black "Priebs,L"]
[Result "1/2-1/2"]
[WhiteElo "2181"]
[BlackElo "1962"]

1.c4 e5 2.g3 Nf6 3.Nc3 d5 4.cxd5 Nxd5 5.Bg2 Nb6 6.Nf3 Nc6 7.d3 Be7 8.O-O O-O
9.a4 Be6 10.a5 Nd5 11.a6 bxa6 12.Nxd5 Bxd5 13.Rxa6 Nb4 14.Ra1 f6 15.e4 Be6
16.d4 Bc4 17.Re1 exd4 18.Bd2 Rb8 19.Rxa7 Nd3 20.Qc2 Nxb2 21.Rea1 Bc5 22.R7a5 Bb6
23.R5a3 Bc5  1/2-1/2

[Event "21st Open"]
[Site "Goch GER"]
[Date "2010.10.03"]
[Round "7.51"]
[White "Hickl,Norbert"]
[Black "Ratzkowski,D"]
[Result "1/2-1/2"]
[WhiteElo "1912"]
[BlackElo "1773"]

1.c4 e5 2.g3 Bc5 3.Bg2 d6 4.Nc3 Nc6 5.e3 Nge7 6.Nge2 a6 7.O-O O-O 8.a3 Bg4
9.d3 Qc8 10.b4 Bb6 11.Bb2 Bh3 12.Rc1 Bxg2 13.Kxg2 Ng6 14.Nd5 Nce7 15.Nxe7+ Nxe7
16.d4 exd4 17.exd4 Qf5 18.Nf4 Rfe8 19.Re1 Ng6 20.c5 Nxf4+ 21.gxf4 dxc5 22.dxc5 Ba7
23.Qd4 Qg6+ 24.Kh1 Rad8 25.Qc4 Qc6+ 26.Kg1 Rxe1+ 27.Rxe1 Qf3 28.Be5  1/2-1/2

[Event "TCh-NED"]
[Site "Netherlands NED"]
[Date "2010.10.09"]
[Round "2.3"]
[White "Trella,T"]
[Black "Ree,H"]
[Result "1/2-1/2"]
[WhiteElo "2395"]
[BlackElo "2385"]

1.c4 e5 2.g3 d6 3.Bg2 g6 4.Nc3 Bg7 5.e4 Nc6 6.Nge2 h5 7.h4 Be6 8.d3 Nh6 9.f3 a6
10.O-O f5 11.Nd5 Nf7 12.Be3 Ne7 13.Qd2 O-O 14.d4 Nc8 15.b3 fxe4 16.fxe4 c6
17.Ndc3 Bg4 18.d5 c5 19.Rab1 Nb6 20.Kh2 Qc7 21.Ng1 Nd7 22.Nh3 Nf6 23.Nf2 Kh7
24.a4  1/2-1/2

[Event "TCh-ISL Div 1 2010-11"]
[Site "Reykjavik ISL"]
[Date "2010.10.09"]
[Round "3.4"]
[White "Steindorsson,S"]
[Black "Vidarsson,J"]
[Result "1/2-1/2"]
[WhiteElo "2222"]
[BlackElo "2323"]

1.c4 e5 2.g3 Nc6 3.Bg2 d6 4.Nc3 Be6 5.d3 Qd7 6.Rb1 Be7 7.b4 Nf6 8.Nd5 O-O
9.h3 Nd8 10.e4 c6 11.Nxe7+ Qxe7 12.Ne2 Nd7 13.O-O f5 14.Qc2 fxe4 15.dxe4 Nb6
16.c5 dxc5 17.Be3 Nd7 18.bxc5 b5 19.cxb6 axb6 20.a4 c5 21.Nc3 Nc6 22.Nd5 Qd8
23.Nxb6 Nb4 24.Rxb4 cxb4 25.Qc6 Re8 26.Rd1 Ra7 27.Nd5 Ra8 28.Nb6  1/2-1/2

[Event "TCh-FIN 2010-11"]
[Site "Helsinki FIN"]
[Date "2010.10.17"]
[Round "2.5"]
[White "Hentunen,A"]
[Black "Binham,T"]
[Result "1/2-1/2"]
[WhiteElo "2337"]
[BlackElo "2321"]

1.c4 e5 2.g3 Nf6 3.Bg2 c6 4.a3 Be7 5.Nf3 e4 6.Nd4 d5 7.cxd5 Qxd5 8.Nc2 Qh5
9.h3 O-O 10.Nc3 Qg6 11.Ne3 Bc5 12.Qc2 Re8 13.O-O h5 14.h4 Nbd7 15.Rd1 Nb6
16.d3 Bxe3 17.Bxe3 Nbd5 18.Nxd5 Nxd5 19.Bd4 e3 20.Bxd5 cxd5 21.Qc7 exf2+
22.Kxf2 Bg4 23.Rd2 Rac8 24.Qf4 Rc6 25.Re1 Kh7 26.Qg5 Qxg5 27.hxg5 Kg6 28.Bxa7 Kxg5
29.Bd4 f6  1/2-1/2

[Event "Spartak IM"]
[Site "Subotica"]
[Date "2010.10.23"]
[Round "1"]
[White "Jotic,V"]
[Black "Andrejic,V"]
[Result "1-0"]
[WhiteElo "2310"]
[BlackElo "2163"]

1.c4 e5 2.g3 Nc6 3.Bg2 f5 4.Nc3 Nf6 5.d3 Bb4 6.Bd2 O-O 7.a3 Bxc3 8.Bxc3 d6
9.Nf3 Rb8 10.O-O Bd7 11.c5 Qe7 12.cxd6 cxd6 13.b4 Nd8 14.b5 Nf7 15.Qb3 Rfc8
16.Rfc1 Be6 17.Qa4 b6 18.Nd2 Rc7 19.Bb2 Rbc8 20.Rxc7 Rxc7 21.Rc1 Rxc1+ 22.Bxc1 Qc7
23.Bb2 d5 24.f4 exf4 25.Qxf4 Qxf4 26.gxf4 Nd7 27.Nb3 Nd6 28.a4 Kf7 29.Kf2 Nb7
30.Ba3 Nbc5 31.Nxc5 bxc5 32.a5 Ke8 33.b6 a6 34.d4 Nb8 35.dxc5 Nc6 36.Bb2 Kd7
37.Bc3 Nd8 38.Bxg7 Kc6 39.Bf8 Nb7 40.Ke3 Nxa5 41.Kd4 Nb7 42.Ke5 Bf7 43.Kxf5 a5
44.Kf6 Bh5 45.e4 d4 46.e5+ Kb5 47.c6  1-0

[Event "Spartak IM"]
[Site "Subotica"]
[Date "2010.10.25"]
[Round "4"]
[White "Jotic,V"]
[Black "Dumpor,A"]
[Result "0-1"]
[WhiteElo "2310"]
[BlackElo "2391"]

1.c4 e5 2.g3 Nc6 3.Bg2 Nf6 4.Nc3 Bb4 5.Nd5 Bc5 6.e3 O-O 7.Ne2 d6 8.O-O Nxd5
9.cxd5 Ne7 10.a3 Bg4 11.b4 Bb6 12.h3 Bd7 13.Bb2 c6 14.dxc6 Bxc6 15.d4 Bxg2
16.Kxg2 Ng6 17.dxe5 dxe5 18.Nc3 Qg5 19.Qg4 Qxg4 20.hxg4 Rfd8 21.Rfd1 f6 22.Kf3 Ne7
23.Rxd8+ Rxd8 24.Ne4 Kf7 25.Rc1 Nc6 26.b5 Na5 27.a4 Ke6 28.Ba3 Nb3 29.Rc2 h5
30.gxh5 f5 31.Ng5+ Kf6 32.Nh7+ Kf7 33.g4 Rd3 34.Ke2 e4 35.Bb4 Bd8 36.g5 f4
37.Rc4 fxe3 38.Rxe4 Nc1+ 39.Kf1 e2+ 40.Kg2 g6 41.h6 Rd5 42.Rf4+ Rf5 43.Re4 Nd3  0-1

[Event "CONPET Cup 2010"]
[Site "Ploiesti ROU"]
[Date "2010.10.29"]
[Round "5.4"]
[White "Manole,A"]
[Black "Manole,S"]
[Result "0-1"]
[WhiteElo "1655"]
[BlackElo "2032"]

1.c4 e5 2.g3 f5 3.Bg2 Nc6 4.Nc3 Nf6 5.d3 Bb4 6.e3 Bxc3+ 7.bxc3 d6 8.Ne2 O-O
9.c5 dxc5 10.Bxc6 bxc6 11.Ba3 Qd5 12.O-O Rd8 13.Qb3 c4 14.dxc4 Qf3 15.Be7 f4
16.Bxd8 Bh3  0-1